Name the 2024 Democratic States - Statistics

General Stats
  • This quiz has been taken 85 times
  • The average score is 17 of 18
Answers on the Map
Answers color-coded by a green-red scale on the quiz's map according to % correct below.
 
Answer Stats
Answer % Correct
Washington
100%
Washington, DC
100%
California
99%
New Jersey
97%
New York
97%
Oregon
97%
Hawaii
95%
Rhode Island
95%
Massachusetts
94%
New Hampshire
94%
Delaware
91%
Maryland
91%
Colorado
90%
Connecticut
90%
Illinois
89%
New Mexico
89%
Minnesota
87%
Virginia
56%
No matching quizzes found
Score Distribution
Percent of People with Each Score
Percentile by Number Answered
Your Score History
You have not taken this quiz